|
|
|
|
| LEADER |
00000nam a22000001a 4500 |
| 001 |
vtls009794688 |
| 003 |
SK-MaSNL |
| 005 |
20260301211904.0 |
| 008 |
251106s1974 xr 000 | cze |
| 035 |
|
|
|a (SVKBBclas03)vtls000270850
|
| 040 |
|
|
|a SNK
|b slo
|c SNK
|e AACR2
|
| 041 |
1 |
|
|a cze
|b gerrus
|
| 044 |
|
|
|a xr
|
| 080 |
|
|
|a 576.895.1
|2 1981
|
| 080 |
|
|
|a 597.6
|2 1981
|
| 100 |
1 |
|
|a Vojtková, Ludmila,
|d 1934-
|4 aut
|9 596410
|
| 245 |
1 |
0 |
|a Motolice obojživelníků ČSSR
|n Sv. 1
|p Dospělé motolice
|c Ludmila Vojtková
|
| 246 |
3 |
0 |
|a Dospělé motolice
|
| 250 |
|
|
|a 1. vyd.
|
| 260 |
|
|
|a Brno
|b Universita J. E. Purkyně
|c 1974
|
| 300 |
|
|
|a 131 s.
|b lit., res., tab., obr.
|
| 490 |
1 |
|
|a Folia Facultatis scientiarum naturalium Universitatis Purkynianae Brunensis
|
| 504 |
|
|
|a Literatúra na s. 123-132
|
| 546 |
|
|
|a Resumé nemecky a rusky
|
| 650 |
0 |
7 |
|a obojživelníky
|2 SVKBBPH
|9 16031
|
| 650 |
0 |
7 |
|a motolice obojživelníkov
|2 SVKBBPH
|9 596411
|
| 830 |
|
0 |
|a Folia Facultatis scientiarum naturalium Universitatis Purkynianae Brunensis
|n Biologia
|9 596412
|
| 958 |
|
|
|a OND
|
| 999 |
|
|
|c 917021
|d 918951
|
| 952 |
|
|
|a SNK
|b SNK
|y VYP
|7 0
|p 17A1075331
|o snkSC 36370
|i snkKIP 5193/75
|0 0
|1 0
|4 0
|d 2014-04-11
|l 0
|r 2026-02-24 08:04:03
|w 2026-02-24
|